| 000 | 01023nam a2200265 u 4500 | ||
|---|---|---|---|
| 001 | 000516583 | ||
| 003 | AM-YeHGA | ||
| 005 | 20250617135023.0 | ||
| 008 | 060425s2006 r 000 0 rus d | ||
| 020 | _a5948360318 | ||
| 020 | _a2-10-005453-8 (франц.) | ||
| 040 | _aAM-YeHGA | ||
| 041 | 1 |
_arus _hfre |
|
| 100 | 1 | _aРозеншер, Э. | |
| 245 | 1 | 0 |
_aОптоэлектроника / _cЭ. Розеншер, Б. Винтер ; Пер. с франц. под ред. О.Н. Ермакова. |
| 260 |
_aМосква : _bТехносфера, _c2006. |
||
| 300 |
_a592 с. : _bил. |
||
| 440 | 0 |
_aМир электроники _nVII (04) |
|
| 504 | _aСписки лит. в конце глав | ||
| 534 |
_pОригинал на франц. : _tOptoelectronique : _kCours et exercices corriges / _aEmmanuel Rosencher, Borge Vinter - _cParis : Dunod : 2002 |
||
| 650 | 1 | 4 | _aФотоэлектроника |
| 700 | 1 | _aВинтер, Б. | |
| 700 | 1 |
_aЕрмаков, О.Н. _eпер. _4trl |
|
| 090 | _c193730 | ||
| 999 |
_c192260 _d192260 |
||